000 01185nam a2200337 i 4500
001 768714001
003 CO-MdFUSB
005 20260220194859.0
007 ta
008 200406t1999 -us |||| |||| 00| 0 eng d
020 _a9780830822003
040 _aCO-MdFUSB
_bspa
_cCO-MdFUSB
_dCO-MdFUSBC
_erda
041 _aeng
082 _223
_a232
_bW947c
100 1 _aWright, N. T.
_eautor
245 1 4 _aThe challenge of Jesus :
_brediscovering who Jesus was and is
_c/ N.T. Wright,
264 1 _aEstados Unidos :
_bInterVarsity Press,
_c[1999]
264 4 _c© 1999
300 _a202 páginas
_c; 22 cm
336 _2rdacontent
_atexto
_btxt
337 _2rdamedia
_asin mediación
_bn
338 _2rdacarrier
_avolumen
_bnc
500 _ano encuentro informacion
505 _aEl desafío de estudiar a Jesús. -- El desafío del reino. -- El desafío de los símbolos. -- El Mesías crucificado. -- Jesús y Dios. -- El desafío de la Pascua. -- Caminando hacia Emaús en un mundo posmoderno. -- La luz del mundo.
563 _aRústico
600 0 7 _aJesucristo
650 7 _9239
_aCristología
942 _cBK
945 _aJTF-925
_bAEM-53
999 _c65656
_d65656